Estadísticas para Presidentes de Venezuela 1911-2024

Haz click aquí para intentar la prueba.

Estadísticas generales

  • Esta prueba ha sido intentada 19 veces
  • La puntuación promedio es 14 de 85

Estadísticas de respuestas

HintRespuesta% Correcto
2013-2024 (actualidad)Nicolas Maduro
100%
2007-2013hugo Chavez
78%
1999-2002hugo Chavez
78%
1816-1819Simon Bolivar
67%
1813-1814Simon Bolivar
67%
1819-1829 (Gran Colombia)Simon Bolivar
67%
2002-2007 (presidente interino)Diosdado Cabello
44%
1994-1999Rafael Caldera
44%
1945-1948Rómulo Betancourt
44%
1812 (3 meses)Francisco de Miranda
44%
1952-1958Marcos Perez Jimenez
44%
1969-1974Rafael Caldera
44%
1959-1964Romulo Betancourt
44%
1948 (9 meses)Romulo Gallegos
44%
1989-1993Carlos Andres Perez
33%
1974-1979Carlos Andres Perez
33%
1899-1908Cipriano Castro
33%
1829-1835jose Antonio Paez
33%
1941-1945Isaias Medina Angarita
33%
1861-1863jose Antonio Paez
33%
1839-1843jose Antonio Paez
33%
1870-1877Antonio Guzman Blanco
22%
1879-1884Antonio Guzman Blanco
22%
1886-1887Antonio Guzman Blanco
22%
1979-1984luis Herrera Campins
22%
1984-1989Jaime Lusinchi
22%
1993-1994Ramón Jose Velasquez
22%
1835-1836jose Maria Vargas
22%
1835 (5 meses)jose Maria Vargas
22%
1922-1929juan Vicente Gomez
22%
1931-1935juan Vicente Gomez
22%
1908-1913juan Vicente Gomez
22%
1964-1969Raul Leoni
22%
1935-1941Eleazar Lopez Contreras
11%
1847-1851jose Tadeo Monagas
11%
1855-1858jose Tadeo Monagas
11%
1863-1868juan Crisostomo Falcon
11%
1859 (1 mes)Pedro Gual
11%
1851-1855jose Gregorio Monagas
11%
1869-1870jose Ruperto Monagas
11%
1868 (4 meses)jose Tadeo Monagas
11%
2002 (2 dias)Pedro Carmona
11%
1836-1837Andres Narvarte
0%
1851 (16 días)Antonio Leocadio Guzman
0%
1948-1950Carlos Delgado Chalbaud
0%
1837-1839Carlos Soublette
0%
1843-1847Carlos Soublette
0%
1811-1812Cristobal Mendoza
0%
1812-1813Domingo Monteverde
0%
1958-1959Edgar Sanabria
0%
1835 (1 mes)Andrés Navarte
0%
1847 (1 mes)Diego Bautista Urbaneja
0%
1950-1952Germán Suárez Flamerich
0%
1814-1815Juan Manuel Cajigal y Martínez
0%
1890-1892Palacio Raimundo Andueza
0%
1812 (1 mes)Francisco Espejo
0%
1868-1869Guillermo Tell Villegas
0%
1892 (2 meses)Guillermo Tell Villegas
0%
1887-1888hermógenes Lopez
0%
1913-1914jose Gil Fortoul
0%
1861 (4 meses)Pedro Gual
0%
1899 (2 dias)Víctor Rodriguez Parraga
0%
1877-1878Francisco Linares Alcantara
0%
1870 (3 dias)Guillermo Tell Villegas
0%
1892 (1 mes)Guillermo Tell Villegas Pulido
0%
1898-1899Ignacio Andrade
0%
1878 (15 dias)jacinto Gutierrez
0%
1892-1898joaquin Crespo
0%
1884-1886joaquin Crespo
0%
1855 (11 dias)joaquin Herrera
0%
1878-1879jose Gregorio Valera
0%
1835 (1 mes)jose Maria Carreño
0%
1837 (2 meses)jose Maria Carreño
0%
1929-1931juan Bautista Perez
0%
1888-1890juan Pablo Rojas Paul
0%
1858-1859julian Castro Contreras
0%
1886 (4 meses)Manuel Antonio Diez
0%
1868 (2 meses)Manuel Ezequiel Bruzual
0%
1859-1861Manuel Felipe de Tovar
0%
1993 (15 dias)Octavio Lepage
0%
1815-1816Pablo Morillo
0%
1858 (3 días)Pedro Gual
0%
1835 (18 dias)Santiago Mariño
0%
1914-1922Victorino Marquez Bustillos
0%
1958 (9 meses)Wolfgang Larrazabal
0%

Distribución de puntuación

Porcentaje por número respondido

Porcentaje de gente con cada puntuación

Historial de tus puntuaciones

No has intentado esta prueba.